MARC

LEADER 00000nam0a2200000 4500
001 301469
005 20231102001414.0
020 |a RU  |b 82-64036 
035 |a (RuTPU)RU\TPU\book\326641 
090 |a 301469 
100 |a 20150731g1982 m y0rusy5003 ca 
101 0 |a rus 
102 |a RU 
105 |a a j 001zy 
200 1 |a Коллекторные двигатели постоянного тока  |e конспект лекций  |f В. Б. Житков, Л. Д. Нечаев, В. А. Панков  |h Ч.1  |g Московское высшее техническое училище им. Н. Э. Баумана (МВТУ) 
210 |a Москва  |c Изд-во МВТУ  |d 1982 
215 |a 24 с. 
320 |a Библиогр.: с. 24 
606 1 |a Электрические машины постоянного тока, коллекторные  |2 stltpush  |3 (RuTPU)RU\TPU\subj\27209  |9 51002 
610 1 |a коллекторные двигатели 
610 1 |a постоянный электрический ток 
610 1 |a устройство 
610 1 |a принцип действия 
610 1 |a импульсное регулирование 
610 1 |a независимое возбуждение 
610 1 |a последовательное возбуждение 
610 1 |a учебные пособия 
675 |a 621.313.36(075.8)  |v 3 
700 1 |a Житков  |b В. Б. 
701 1 |a Нечаев  |b Л. Д. 
701 1 |a Панков  |b В. А. 
712 0 2 |a Московское высшее техническое училище им. Н. Э. Баумана (МВТУ)  |c (1943-1989)  |2 stltpush  |3 (RuTPU)RU\TPU\col\3064 
801 0 |a RU  |b RuMRKP  |c 19950704  |g psbo 
801 1 |a RU  |b 63413507  |c 20150731 
801 2 |a RU  |b 63413507  |c 20190319  |g RCR 
942 |c BK